[Event "NOR-chT West 1Div Nord 1011"]
[Site "Norway"]
[Date "2011.01.16"]
[Round "3"]
[White "Eriksen, Tommy"]
[Black "Birkestrand, Odd Helge"]
[Result "1-0"]
[WhiteElo "1617"]
[BlackElo "1435"]
[PlyCount "49"]
[EventDate "2010.11.06"]
[EventType "team"]
[EventRounds "5"]
[EventCountry "NOR"]
[SourceTitle "EXT 2015"]
[Source "ChessBase"]
[SourceDate "2014.11.20"]
[SourceVersion "1"]
[SourceVersionDate "2014.11.20"]
[SourceQuality "1"]

1. d4 f5 2. Nf3 Nf6 3. g3 e6 4. Bg2 Be7 5. 0-0 0-0 6. b3 d6 7. Bb2 Qe8 8. e3 Nbd7 9. Nbd2 d5 10. c4 c6 11. Rc1 Ne4 12. Ne5 Nxd2 13. Qxd2 Nf6 14. Rc2 Bd6 15. Qc1 Bxe5 16. dxe5 Ne4 17. f3 Ng5 18. Ba3 Rf7 19. h4 Nxf3+ 20. Bxf3 g6 21. Bd6 Rg7 22. Rg2 g5 23. hxg5 Rxg5 24. Kf2 Qg6 25. Be7 1-0

[Event "Sotra Hostturneringen"]
[Site "Sotra"]
[Date "2005.10.06"]
[Round "5"]
[White "Sandset, Svein"]
[Black "Eriksen, Tommy"]
[Result "0-1"]
[WhiteElo "1143"]
[BlackElo "1518"]
[PlyCount "90"]
[EventDate "2005.08.25"]
[EventType "swiss"]
[EventRounds "9"]
[EventCountry "NOR"]
[SourceTitle "EXT 2007"]
[Source "ChessBase"]
[SourceDate "2006.11.23"]
[SourceVersion "1"]
[SourceVersionDate "2006.11.23"]
[SourceQuality "1"]

1. d4 d5 2. Nf3 Nf6 3. e3 g6 4. c4 c6 5. cxd5 cxd5 6. Be2 Bg7 7. 0-0 0-0 8. Nc3 Nc6 9. a3 Bd7 10. b4 Rc8 11. Bb2 Bf5 12. Nh4 Be6 13. Nf3 h6 14. Rc1 Ne4 15. Re1 f5 16. Nd2 Qd7 17. f3 Nd6 18. Na4 b6 19. Nc3 f4 20. e4 Bxd4+ 21. Kh1 dxe4 22. fxe4 Be3 23. Nd5 Nxe4 24. Nxe4 Qxd5 25. Bf3 Qxd1 26. Rcxd1 Rfd8 27. h3 Bb3 28. Rxd8+ Nxd8 29. Bg4 Rc2 30. Re2 Rxe2 31. Bxe2 Kf7 32. g3 Bd5 33. Bf3 Bxe4 34. Bxe4 fxg3 35. Be5 Ke6 36. Bb8 a5 37. bxa5 bxa5 38. Bc7 Nf7 39. Bxa5 g5 40. Bc7 Nd6 41. Bd3 h5 42. a4 h4 43. a5 Kd7 44. Bb6 Bxb6 45. axb6 Kc6 0-1

[Event "Sotra Hostturneringen"]
[Site "Sotra"]
[Date "2005.09.08"]
[Round "2"]
[White "Eriksen, Tommy"]
[Black "Garmannslund, Vidar"]
[Result "0-1"]
[WhiteElo "1518"]
[BlackElo "1596"]
[PlyCount "90"]
[EventDate "2005.08.25"]
[EventType "swiss"]
[EventRounds "9"]
[EventCountry "NOR"]
[SourceTitle "EXT 2007"]
[Source "ChessBase"]
[SourceDate "2006.11.23"]
[SourceVersion "1"]
[SourceVersionDate "2006.11.23"]
[SourceQuality "1"]

1. d4 e6 2. Nf3 Nf6 3. e3 b6 4. c4 Bb4+ 5. Bd2 Bxd2+ 6. Nbxd2 Bb7 7. Bd3 Na6 8. Rc1 c5 9. 0-0 0-0 10. a3 d6 11. Bb1 Qe7 12. Re1 Rad8 13. Qc2 g6 14. Rcd1 Rfe8 15. Ng5 e5 16. dxe5 dxe5 17. Nge4 Nd7 18. Nc3 Nc7 19. e4 Ne6 20. Nf3 Nd4 21. Nxd4 cxd4 22. Nd5 Qg5 23. Rd3 Bxd5 24. exd5 Nc5 25. Rg3 Qe7 26. b4 Nb7 27. f4 e4 28. Rxe4 Qxe4 29. Qxe4 Rxe4 30. Bxe4 Nd6 31. Bd3 Rc8 32. Kf2 f5 33. Rf3 Kf7 34. Ke1 Nxc4 35. Bxc4 Rxc4 36. Rd3 Ke7 37. Kd2 Kd6 38. Rh3 Rc7 39. Rb3 Kxd5 40. Rb1 Ke4 41. g3 Rc3 42. Re1+ Re3 43. Rc1 Rxa3 44. Rc7 Ra2+ 45. Ke1 Rxh2 0-1

[Event "NOR-chB"]
[Site "Stavanger"]
[Date "2005.07.08"]
[Round "8"]
[White "Lunde, Sigmund"]
[Black "Eriksen, Tommy"]
[Result "0-1"]
[WhiteElo "1656"]
[BlackElo "1518"]
[PlyCount "74"]
[EventDate "2005.07.01"]
[EventType "swiss"]
[EventRounds "9"]
[EventCountry "NOR"]
[SourceTitle "CBM 107 Extra"]
[Source "ChessBase"]
[SourceDate "2005.09.01"]
[SourceVersion "1"]
[SourceVersionDate "2005.09.01"]
[SourceQuality "1"]

1. e4 c5 2. Nf3 d6 3. d4 cxd4 4. Nxd4 Nf6 5. Nc3 a6 6. Be2 e6 7. Be3 b5 8. a3 Bb7 9. f3 Qc7 10. Qd2 Nbd7 11. g4 Ne5 12. g5 Nfd7 13. h4 Nc4 14. Ncxb5 axb5 15. Nxb5 Qc6 16. Bxc4 Qxc4 17. Nxd6+ Bxd6 18. Qxd6 Qc6 19. 0-0-0 Qxd6 20. Rxd6 Ke7 21. Rhd1 Rhd8 22. c4 Ne5 23. Bc5 Ke8 24. b3 Nxf3 25. Rxd8+ Rxd8 26. Rxd8+ Kxd8 27. Kc2 Bxe4+ 28. Kc3 Kc7 29. Bf2 f5 30. gxf6 gxf6 31. b4 h5 32. b5 e5 33. Bc5 Nxh4 34. Be7 Nf3 35. Bxf6 h4 36. Bxe5+ Nxe5 37. Kd4 h3 0-1

[Event "NOR-chB"]
[Site "Stavanger"]
[Date "2005.07.06"]
[Round "6"]
[White "Ali, Karim"]
[Black "Eriksen, Tommy"]
[Result "0-1"]
[WhiteElo "1698"]
[BlackElo "1518"]
[PlyCount "88"]
[EventDate "2005.07.01"]
[EventType "swiss"]
[EventRounds "9"]
[EventCountry "NOR"]
[SourceTitle "CBM 107 Extra"]
[Source "ChessBase"]
[SourceDate "2005.09.01"]
[SourceVersion "1"]
[SourceVersionDate "2005.09.01"]
[SourceQuality "1"]

1. e4 c5 2. c3 e6 3. d4 d5 4. e5 Nc6 5. Nf3 Qb6 6. Bd3 Bd7 7. 0-0 Be7 8. dxc5 Bxc5 9. b4 Be7 10. Be3 Qc7 11. Bf4 a6 12. a3 Na7 13. a4 b5 14. a5 Bc6 15. Nbd2 h5 16. Nb3 Nh6 17. Nbd4 Bd7 18. Rc1 Nc6 19. Nxc6 Bxc6 20. Nd4 g5 21. Qxh5 gxf4 22. Nxe6 Qa7 23. Ng7+ Kd7 24. Nf5 Nxf5 25. Bxf5+ Kc7 26. Qxf7 Rae8 27. Bg6 Kb8 28. Qxf4 Ref8 29. Bf7 Rh4 30. Qg3 Rxf7 31. e6+ Rff4 32. Qg7 Rhg4 33. Qh8+ Rf8 34. Qh5 Rg5 35. Qe2 Rfg8 36. g3 Bd6 37. Kg2 d4+ 38. f3 d3 39. Qxd3 Rxg3+ 40. hxg3 Rxg3+ 41. Kh2 Qe7 42. Qxd6+ Qxd6 43. Rcd1 Qc7 44. e7 Rxf3+ 0-1

[Event "NOR-chB"]
[Site "Stavanger"]
[Date "2005.07.04"]
[Round "3"]
[White "Eriksen, Tommy"]
[Black "Stabbetorp, Hans M"]
[Result "1/2-1/2"]
[WhiteElo "1518"]
[BlackElo "1541"]
[PlyCount "59"]
[EventDate "2005.07.01"]
[EventType "swiss"]
[EventRounds "9"]
[EventCountry "NOR"]
[SourceTitle "CBM 107 Extra"]
[Source "ChessBase"]
[SourceDate "2005.09.01"]
[SourceVersion "1"]
[SourceVersionDate "2005.09.01"]
[SourceQuality "1"]

1. d4 d5 2. Nf3 Nf6 3. e3 h6 4. c4 c6 5. Nc3 e6 6. Bd2 Bd7 7. Ne5 Be7 8. Rc1 0-0 9. Bd3 dxc4 10. Bxc4 Be8 11. 0-0 Nbd7 12. a3 Nxe5 13. dxe5 Nd5 14. Qc2 Rc8 15. Ba2 Nxc3 16. Bxc3 c5 17. Bb1 g6 18. Rfd1 Qc7 19. Qe4 Bc6 20. Qg4 Kg7 21. Bc2 Rcd8 22. f4 h5 23. Qe2 Rxd1+ 24. Rxd1 b5 25. Kf2 b4 26. axb4 cxb4 27. Bd4 Qb7 28. Rg1 Rc8 29. Bd3 Qd7 30. Ba6 1/2-1/2

[Event "Sotra op3"]
[Site "Sotra"]
[Date "2004.11.25"]
[Round "9"]
[White "Brattetveit, Kenneth"]
[Black "Eriksen, Tommy"]
[Result "1-0"]
[WhiteElo "1630"]
[BlackElo "1537"]
[PlyCount "67"]
[EventDate "2004.09.02"]
[EventType "swiss"]
[EventRounds "9"]
[EventCountry "NOR"]
[SourceTitle "EXT 2008"]
[Source "ChessBase"]
[SourceDate "2007.11.25"]
[SourceVersion "1"]
[SourceVersionDate "2007.11.25"]
[SourceQuality "1"]

1. e4 Nf6 2. e5 Nd5 3. c4 Nb6 4. d4 d6 5. exd6 exd6 6. Nf3 Be7 7. Be3 Bg4 8. Nbd2 Nc6 9. Be2 0-0 10. d5 Ne5 11. Nxe5 Bxe2 12. Nxf7 Bxd1 13. Nxd8 Raxd8 14. Rxd1 Bf6 15. b3 Rde8 16. 0-0 Nd7 17. Nf3 Rf7 18. Rfe1 Rfe7 19. Kf1 a6 20. Bd2 Nc5 21. Rxe7 Rxe7 22. Be3 Ne4 23. Bd4 Kf7 24. Bxf6 gxf6 25. Nd4 Ke8 26. f3 Nc5 27. Re1 Re5 28. g3 Kd7 29. f4 Rh5 30. Kg2 Rh6 31. Nf5 Nd3 32. Re7+ Kd8 33. Re3 Rh5 34. Ng7 1-0

[Event "NOR-chT north 0304"]
[Site "Norway"]
[Date "2004.02.21"]
[Round "3.5"]
[White "Gatland, Erling"]
[Black "Eriksen, Tommy"]
[Result "1/2-1/2"]
[WhiteElo "1615"]
[BlackElo "1525"]
[PlyCount "71"]
[EventDate "2004.01.??"]
[EventType "team"]
[EventRounds "5"]
[EventCountry "NOR"]
[SourceTitle "EXT 2006"]
[Source "ChessBase"]
[SourceDate "2005.11.24"]
[SourceVersion "1"]
[SourceVersionDate "2005.11.24"]
[SourceQuality "1"]

1. e4 e5 2. Nf3 Nf6 3. Nxe5 d6 4. Nf3 Nxe4 5. d4 d5 6. Bd3 Bd6 7. 0-0 0-0 8. c4 c6 9. Nc3 Nxc3 10. bxc3 Re8 11. Bg5 Qc7 12. Qc2 h6 13. Bh4 dxc4 14. Bxc4 Bg4 15. Rfe1 Nd7 16. Qg6 Rxe1+ 17. Rxe1 Bxf3 18. Qxf7+ Kh8 19. Re8+ Rxe8 20. Qxe8+ Nf8 21. gxf3 Bxh2+ 22. Kg2 Bd6 23. Bg3 Qe7 24. Qh5 Ba3 25. Be5 Qg5+ 26. Qxg5 hxg5 27. d5 cxd5 28. Bxd5 Ng6 29. Bb8 Nf4+ 30. Bxf4 gxf4 31. Bxb7 g5 32. Kf1 Kg7 33. Ke2 Kf6 34. Kd3 Ke5 35. Ba8 Bc5 36. Ke2 1/2-1/2

[Event "Sotra Hostturneringen"]
[Site "Sotra"]
[Date "2003.12.04"]
[Round "10"]
[White "Eriksen, Tommy"]
[Black "Brattetveit, Kenneth"]
[Result "1/2-1/2"]
[WhiteElo "1557"]
[BlackElo "1644"]
[PlyCount "26"]
[EventDate "2003.08.??"]
[EventType "swiss"]
[EventRounds "10"]
[EventCountry "NOR"]
[SourceTitle "EXT 2005"]
[Source "ChessBase"]
[SourceDate "2004.11.15"]
[SourceVersion "1"]
[SourceVersionDate "2004.11.15"]
[SourceQuality "1"]

1. Nf3 b6 2. c4 Bb7 3. Nc3 Nf6 4. d4 e6 5. a3 d5 6. Bg5 Be7 7. e3 dxc4 8. Bxc4 0-0 9. 0-0 Nbd7 10. Rc1 h6 11. Bh4 c5 12. Ba2 Rc8 13. Bb1 Nd5 1/2-1/2

[Event "Sotra Varturneringen"]
[Site "Sotra"]
[Date "2003.04.10"]
[Round "7"]
[White "Eriksen, Tommy"]
[Black "Garmannslund, Vidar"]
[Result "0-1"]
[WhiteElo "1572"]
[BlackElo "1600"]
[PlyCount "104"]
[EventDate "2003.01.??"]
[EventType "tourn"]
[EventRounds "10"]
[EventCountry "NOR"]
[SourceTitle "EXT 2005"]
[Source "ChessBase"]
[SourceDate "2004.11.15"]
[SourceVersion "1"]
[SourceVersionDate "2004.11.15"]
[SourceQuality "1"]

1. d4 d5 2. Nf3 Bf5 3. e3 a6 4. c4 e6 5. Nc3 Nc6 6. a3 Nf6 7. cxd5 exd5 8. Bd3 Bxd3 9. Qxd3 Bd6 10. Bd2 0-0 11. 0-0 Re8 12. Ne2 Ne4 13. Bc3 Re6 14. Nf4 Rh6 15. g3 Bxf4 16. exf4 Qd7 17. Rfe1 Qf5 18. Re3 Qh5 19. Rae1 f6 20. Qf1 Ne7 21. Qg2 Nf5 22. R3e2 Nfd6 23. Bb4 a5 24. Bxd6 Nxd6 25. g4 Qf7 26. Re7 Qf8 27. Rxc7 Re8 28. Rxe8 Qxe8 29. Qf1 Qe4 30. Qe1 Rh3 31. Qxe4 dxe4 32. Nd2 Rd3 33. Rd7 Rxd4 34. Nxe4 Rxe4 35. Rxd6 Rxf4 36. h3 Rf3 37. Rb6 Rxh3 38. Rxb7 h5 39. gxh5 Rxh5 40. Kg2 Rd5 41. Kf3 Kh7 42. Ke4 Rc5 43. b4 axb4 44. axb4 Rc2 45. f3 Kh6 46. b5 g6 47. b6 Rb2 48. Rb8 Rb4+ 49. Ke3 Kg5 50. b7 Rb3+ 51. Ke4 f5+ 52. Kd4 Kf4 0-1

[Event "NOR-chT2 north 0203"]
[Site "Masfjorden"]
[Date "2003.03.09"]
[Round "7"]
[White "Eriksen, Tommy"]
[Black "Krossoy, Alexander"]
[Result "1-0"]
[WhiteElo "1572"]
[BlackElo "908"]
[PlyCount "99"]
[EventDate "2002.10.??"]
[EventType "team"]
[EventRounds "7"]
[EventCountry "NOR"]
[SourceTitle "EXT 2005"]
[Source "ChessBase"]
[SourceDate "2004.11.15"]
[SourceVersion "1"]
[SourceVersionDate "2004.11.15"]
[SourceQuality "1"]

1. d4 d5 2. Nf3 Bf5 3. e3 Nf6 4. c4 c6 5. Nc3 e6 6. Bd2 Nbd7 7. Rc1 Be7 8. Nh4 Ne4 9. Nxf5 exf5 10. cxd5 Nxc3 11. Bxc3 cxd5 12. Qf3 Nf6 13. Bb5+ Kf8 14. Qxf5 g6 15. Qd3 Kg7 16. 0-0 Qd6 17. f3 Bd8 18. Be1 Nh5 19. Rc2 Bb6 20. Bf2 Rhc8 21. Rfc1 Rd8 22. a3 Qe6 23. Ba4 Rac8 24. Rxc8 Rxc8 25. Rxc8 Qxc8 26. Bc2 Qc6 27. g4 Nf6 28. Bg3 a6 29. Qc3 Qxc3 30. bxc3 Ba5 31. Be5 h6 32. Bb3 Bxc3 33. a4 Bd2 34. Kf2 g5 35. Bxd5 b6 36. Bb7 a5 37. Be4 Bb4 38. Bd3 Be7 39. e4 Kf8 40. Bc7 Nd7 41. Bb5 Ke8 42. Bxb6 Bd8 43. Bxd8 Kxd8 44. Bxd7 Kxd7 45. Ke3 Kd6 46. Kd3 f6 47. Kc4 Kc6 48. h3 Kb6 49. Kd5 Kc7 50. Ke6 1-0

[Event "Sotra op"]
[Site "Sotra"]
[Date "2002.10.24"]
[Round "6"]
[White "Brattetveit, Kenneth"]
[Black "Eriksen, Tommy"]
[Result "1/2-1/2"]
[WhiteElo "1668"]
[BlackElo "1560"]
[PlyCount "93"]
[EventDate "2002.08.??"]
[EventType "swiss"]
[EventRounds "9"]
[EventCountry "NOR"]
[SourceTitle "EXT 2005"]
[Source "ChessBase"]
[SourceDate "2004.11.15"]
[SourceVersion "1"]
[SourceVersionDate "2004.11.15"]
[SourceQuality "1"]

1. e4 e5 2. Nf3 Nf6 3. Nc3 Nc6 4. Bc4 Bc5 5. d3 d6 6. a3 a6 7. Bg5 h6 8. Bh4 Bg4 9. h3 Bxf3 10. Qxf3 Nd4 11. Qd1 c6 12. Ne2 Ne6 13. Bg3 Nh5 14. b4 Ba7 15. 0-0 Qg5 16. Kh1 Nxg3+ 17. fxg3 0-0 18. Rf5 Qe7 19. Qd2 g6 20. Rff1 Qg5 21. Qxg5 Nxg5 22. Rf6 Rad8 23. Rxg6+ Kh7 24. Rf6 Kg7 25. Rf5 Ne6 26. Raf1 Rde8 27. g4 Re7 28. g3 b5 29. Bb3 f6 30. h4 Be3 31. R5f3 Bb6 32. Rf5 Be3 33. Kg2 Nc7 34. R5f3 Bb6 35. g5 hxg5 36. hxg5 Ne8 37. g4 Kg6 38. Rf5 Rh7 39. gxf6 Rxf6 40. Ng3 Be3 41. Rh1 Rxh1 42. Nxh1 Bc1 43. a4 Bd2 44. axb5 axb5 45. c4 bxc4 46. Bxc4 Bxb4 47. Kf3 1/2-1/2

[Event "Sotra op"]
[Site "Sotra"]
[Date "2002.09.12"]
[Round "2"]
[White "Eriksen, Tommy"]
[Black "Garmannslund, Vidar"]
[Result "0-1"]
[WhiteElo "1560"]
[BlackElo "1595"]
[PlyCount "70"]
[EventDate "2002.08.??"]
[EventType "swiss"]
[EventRounds "9"]
[EventCountry "NOR"]
[SourceTitle "EXT 2005"]
[Source "ChessBase"]
[SourceDate "2004.11.15"]
[SourceVersion "1"]
[SourceVersionDate "2004.11.15"]
[SourceQuality "1"]

1. d4 d5 2. Nf3 Nf6 3. e3 e6 4. Bd3 c5 5. b3 Nc6 6. Bb2 cxd4 7. exd4 Bd6 8. a3 0-0 9. 0-0 b6 10. Nbd2 Re8 11. Ne5 Qc7 12. Re1 Bxe5 13. dxe5 Nd7 14. Qh5 g6 15. Qh6 Nc5 16. Rac1 Qe7 17. Re3 Qf8 18. Qh4 Nxd3 19. Rh3 Qg7 20. cxd3 Ne7 21. g4 g5 22. Qg3 Ng6 23. Qe3 Nf4 24. Rg3 Ba6 25. d4 Ne2+ 26. Kg2 Nxg3 27. hxg3 Rac8 28. Rh1 Rc2 29. Bc1 Rec8 30. Nf3 Re2 31. Qxg5 Qxg5 32. Bxg5 Rcc2 33. Rf1 Ra2 34. Bf6 Rec2 35. Ng5 Bxf1+ 0-1

[Event "Sotra Varturneringen"]
[Site "Sotra"]
[Date "2002.03.21"]
[Round "6"]
[White "Brattetveit, Kenneth"]
[Black "Eriksen, Tommy"]
[Result "1/2-1/2"]
[WhiteElo "1689"]
[BlackElo "1573"]
[PlyCount "91"]
[EventDate "2002.01.??"]
[EventType "swiss"]
[EventRounds "10"]
[EventCountry "NOR"]
[SourceTitle "EXT 2006"]
[Source "ChessBase"]
[SourceDate "2005.11.24"]
[SourceVersion "1"]
[SourceVersionDate "2005.11.24"]
[SourceQuality "1"]

1. Nf3 Nf6 2. g3 d5 3. Bg2 e6 4. d3 Be7 5. 0-0 0-0 6. Nbd2 c6 7. e4 b6 8. e5 Nfd7 9. d4 c5 10. c3 Nc6 11. Nb3 f6 12. exf6 Nxf6 13. Re1 Ne4 14. Be3 Rb8 15. Nbd2 cxd4 16. Nxd4 Nxd4 17. Bxd4 Nxd2 18. Qxd2 Bf6 19. Be5 Bxe5 20. Rxe5 Qf6 21. Rae1 b5 22. Bh3 Rb6 23. Qe3 Kf7 24. Qc5 Kg8 25. Qe3 Kf7 26. f4 g6 27. Qc5 Qd8 28. Bf1 a6 29. Rd1 Qd6 30. Qd4 Rc6 31. Kf2 Qc5 32. Kf3 Qxd4 33. Rxd4 Kf6 34. h4 h6 35. Bd3 Rg8 36. a4 bxa4 37. Rxa4 Rb6 38. Ra2 Bb7 39. Kf2 g5 40. hxg5+ hxg5 41. Rxg5 Rxg5 42. fxg5+ Kxg5 43. b4 e5 44. Be2 Rf6+ 45. Ke3 Rc6 46. Kd3 1/2-1/2

[Event "Sotra Varturneringen"]
[Site "Sotra"]
[Date "2002.02.14"]
[Round "3"]
[White "Eriksen, Tommy"]
[Black "Dyroy, John"]
[Result "1-0"]
[WhiteElo "1573"]
[BlackElo "1208"]
[PlyCount "113"]
[EventDate "2002.01.??"]
[EventType "swiss"]
[EventRounds "10"]
[EventCountry "NOR"]
[SourceTitle "EXT 2006"]
[Source "ChessBase"]
[SourceDate "2005.11.24"]
[SourceVersion "1"]
[SourceVersionDate "2005.11.24"]
[SourceQuality "1"]

1. d4 d6 2. Nf3 c5 3. d5 g6 4. e4 Bg7 5. Bd3 Qa5+ 6. Bd2 Qb6 7. Nc3 Qxb2 8. Rb1 Qa3 9. Rb3 Qa5 10. Nb5 Qd8 11. Ra3 a5 12. 0-0 Bd7 13. Qe1 a4 14. Bc3 Nf6 15. Qe2 0-0 16. Ba1 Qe8 17. Nc7 Qd8 18. Nxa8 Qa5 19. Rb1 Qxa8 20. Nd2 Nh5 21. Bxg7 Kxg7 22. Bb5 Bxb5 23. Qxb5 Qa6 24. Rxa4 Qxb5 25. Rxb5 Na6 26. Rxb7 Nb4 27. Rxe7 Nxc2 28. Nc4 Rb8 29. g3 Rb1+ 30. Kg2 Ne1+ 31. Kh3 Nf6 32. Raa7 g5 33. Rxf7+ Kg6 34. Rg7+ Kh6 35. g4 Rc1 36. Ne3 Rc3 37. Rge7 Nc2 38. Kg2 Nxe3+ 39. fxe3 Rxe3 40. Re6 Kg6 41. Rd7 Rxe4 42. Rxe4 Nxe4 43. a4 c4 44. Kf3 Nd2+ 45. Ke2 Ne4 46. a5 c3 47. Rc7 Nf6 48. Rc6 Ne4 49. a6 Kf6 50. a7 Ke5 51. a8Q h5 52. gxh5 g4 53. h6 g3 54. hxg3 Nxg3+ 55. Kd3 Ne4 56. h7 c2 57. h8B+ 1-0

[Event "IECC Quad email"]
[Site "IECC email"]
[Date "1999.07.23"]
[Round "?"]
[White "Eriksen, Tommy"]
[Black "Garnett, Edward"]
[Result "1/2-1/2"]
[WhiteElo "1699"]
[BlackElo "1498"]
[PlyCount "99"]
[EventDate "1999.??.??"]
[EventType "tourn (corr)"]
[EventRounds "6"]
[SourceTitle "Corr 2008"]
[Source "ChessBase"]
[SourceDate "2008.06.24"]
[SourceVersion "1"]
[SourceVersionDate "2008.06.24"]
[SourceQuality "1"]

1. d4 Nf6 2. c4 g6 3. Nc3 Bg7 4. e4 d6 5. f4 0-0 6. Nf3 c5 7. d5 b5 8. cxb5 a6 9. a4 e6 10. dxe6 Bxe6 11. Be3 Ng4 12. Bd2 d5 13. Ng5 Qe7 14. h3 h6 15. f5 gxf5 16. hxg4 hxg5 17. exf5 Bxf5+ 18. Qe2 Be6 19. Nxd5 Qd8 20. Qe4 Re8 21. Ne3 Bxb2 22. Rd1 Nd7 23. Qc2 Be5 24. Be2 axb5 25. Bxb5 Qf6 26. Qh7+ Kf8 27. Qh6+ Qxh6 28. Rxh6 Ra7 29. Bc1 Bd4 30. Kf1 Kg8 31. Rh5 f6 32. Rd3 Rea8 33. Nf5 Ne5 34. Rdh3 Bc4+ 35. Ke1 Bxb5 36. axb5 Nxg4 37. Bxg5 Re8+ 38. Be3 Ra1+ 39. Ke2 Rxe3+ 40. Nxe3 Ra2+ 41. Kd3 Ra3+ 42. Ke4 Nxe3 43. b6 Rb3 44. b7 f5+ 45. Rxf5 Rxb7 46. Rg3+ Rg7 47. Rxg7+ Kxg7 48. Rf3 Nc4 49. Rd3 Kf6 50. Rxd4 1/2-1/2

[Event "IECC Quad email"]
[Site "IECC email"]
[Date "1999.01.31"]
[Round "?"]
[White "Eriksen, Tommy"]
[Black "Hoefer, Hans Peter"]
[Result "0-1"]
[WhiteElo "1696"]
[BlackElo "1677"]
[PlyCount "34"]
[EventDate "1999.??.??"]
[EventType "tourn (corr)"]
[EventRounds "6"]
[SourceTitle "Corr 2008"]
[Source "ChessBase"]
[SourceDate "2008.06.24"]
[SourceVersion "1"]
[SourceVersionDate "2008.06.24"]
[SourceQuality "1"]

1. e4 d6 2. d4 Nf6 3. Bd3 g6 4. Ne2 Bg7 5. 0-0 c5 6. c3 0-0 7. f3 Qb6 8. Kh1 Nc6 9. Na3 cxd4 10. Nc4 Qc7 11. cxd4 Nb4 12. Be3 Bd7 13. Na3 Rac8 14. Rc1 Qb6 15. Rxc8 Rxc8 16. Bc4 d5 17. Qd2 dxc4 0-1

[Event "IECC Trio 650 email"]
[Site "IECC email"]
[Date "1998.11.28"]
[Round "?"]
[White "Eriksen, Tommy"]
[Black "Bennett, Gary"]
[Result "1-0"]
[WhiteElo "1405"]
[BlackElo "1496"]
[PlyCount "89"]
[EventDate "1998.??.??"]
[EventType "tourn (corr)"]
[EventRounds "4"]
[SourceTitle "Corr 2008"]
[Source "ChessBase"]
[SourceDate "2008.06.24"]
[SourceVersion "1"]
[SourceVersionDate "2008.06.24"]
[SourceQuality "1"]

1. e4 c5 2. Nf3 Nc6 3. d4 cxd4 4. Nxd4 Nf6 5. Nc3 e5 6. Ndb5 d6 7. Bg5 a6 8. Na3 Be7 9. Nc4 0-0 10. Bxf6 Bxf6 11. Nxd6 Nd4 12. Nxc8 Rxc8 13. Bd3 Qb6 14. Rb1 Bh4 15. 0-0 Qh6 16. Nd5 Ne6 17. Qg4 Kh8 18. Rbd1 Nc5 19. c3 Na4 20. Rb1 Nc5 21. Bc2 Qd2 22. Qd1 Qg5 23. Qf3 Ne6 24. Rbd1 Nd4 25. cxd4 Rxc2 26. Qb3 Re2 27. Nc3 Rd2 28. Rxd2 Qxd2 29. dxe5 b5 30. g3 Be7 31. Rd1 Qg5 32. f4 Qg4 33. Kg2 b4 34. h3 Qg6 35. f5 Qc6 36. Nd5 Bc5 37. Qc4 Qb5 38. Qxb5 axb5 39. Nc7 Kg8 40. Nxb5 Ra8 41. a3 bxa3 42. bxa3 h6 43. Rc1 Be3 44. Rc4 Rd8 45. Nd6 1-0

[Event "IECC Trio 650 email"]
[Site "IECC email"]
[Date "1998.11.28"]
[Round "?"]
[White "Johnson, Bernard S"]
[Black "Eriksen, Tommy"]
[Result "0-1"]
[WhiteElo "1436"]
[BlackElo "1388"]
[PlyCount "66"]
[EventDate "1998.??.??"]
[EventType "tourn (corr)"]
[EventRounds "4"]
[SourceTitle "Corr 2008"]
[Source "ChessBase"]
[SourceDate "2008.06.24"]
[SourceVersion "1"]
[SourceVersionDate "2008.06.24"]
[SourceQuality "1"]

1. e4 c5 2. Nf3 Nc6 3. Bb5 e6 4. 0-0 d5 5. d3 Be7 6. exd5 exd5 7. Be3 Nf6 8. Re1 0-0 9. d4 Ng4 10. dxc5 Nxe3 11. Rxe3 Bxc5 12. Bxc6 bxc6 13. Nd4 Qh4 14. c3 Bd7 15. Nd2 Rfe8 16. N2f3 Qf6 17. Ne5 Rxe5 18. Rf3 Qe7 19. Kf1 Re8 20. Qd2 g5 21. Rd1 Bxd4 22. cxd4 Re2 23. Re3 Rxd2 24. Rxd2 Qb4 25. Rxe8+ Bxe8 26. Re2 Bd7 27. h4 c5 28. Kg1 Qxd4 29. Re7 g4 30. Rxd7 g3 31. Rd8+ Kg7 32. Rg8+ Kxg8 33. h5 Qd1# 0-1

[Event "IECC Trio 624 email"]
[Site "IECC email"]
[Date "1998.10.03"]
[Round "?"]
[White "Wylie, Richard"]
[Black "Eriksen, Tommy"]
[Result "0-1"]
[WhiteElo "1379"]
[BlackElo "1258"]
[PlyCount "70"]
[EventDate "1998.??.??"]
[EventType "tourn (corr)"]
[EventRounds "4"]
[SourceTitle "Corr 2008"]
[Source "ChessBase"]
[SourceDate "2008.06.24"]
[SourceVersion "1"]
[SourceVersionDate "2008.06.24"]
[SourceQuality "1"]

1. e4 c6 2. d4 d5 3. e5 Bf5 4. b4 a5 5. Bd3 Bxd3 6. Qxd3 axb4 7. Nf3 e6 8. Bb2 Ne7 9. a3 Ng6 10. 0-0 Nd7 11. Qe3 b6 12. g3 bxa3 13. Nxa3 b5 14. c3 Nb6 15. h4 h6 16. Nc2 Nc4 17. Qc1 Be7 18. Na3 Nb6 19. h5 Nf8 20. Nc2 Nfd7 21. Nb4 Rxa1 22. Bxa1 Qc7 23. Na6 Qb7 24. Nc5 Nxc5 25. dxc5 Bxc5 26. Qf4 0-0 27. Nd4 Nc4 28. Kg2 Ra8 29. Qc1 Nxe5 30. Nb3 Bb6 31. Nd2 Nd3 32. Qc2 Nxf2 33. c4 Ng4 34. Nf3 Ne3+ 35. Kh2 Nxc2 0-1

[Event "IECC Trio 616 email"]
[Site "IECC email"]
[Date "1998.09.19"]
[Round "?"]
[White "Eriksen, Tommy"]
[Black "Schuhmacher, Don R"]
[Result "1-0"]
[WhiteElo "1308"]
[BlackElo "1328"]
[PlyCount "83"]
[EventDate "1998.??.??"]
[EventType "tourn (corr)"]
[EventRounds "4"]
[SourceTitle "Corr 2008"]
[Source "ChessBase"]
[SourceDate "2008.06.24"]
[SourceVersion "1"]
[SourceVersionDate "2008.06.24"]
[SourceQuality "1"]

1. d4 g6 2. e4 Bg7 3. Nc3 c6 4. Bc4 d6 5. Nf3 Nf6 6. 0-0 b5 7. Bd3 0-0 8. h3 Nbd7 9. a3 Qc7 10. Be3 a6 11. Qd2 Kh8 12. Bh6 c5 13. Bxg7+ Kxg7 14. Rad1 cxd4 15. Nxd4 Nc5 16. Rfe1 e5 17. Nde2 Bd7 18. b4 Ne6 19. Nd5 Nxd5 20. exd5 Nd4 21. Nxd4 exd4 22. Qf4 Rae8 23. Qxd4+ f6 24. c4 bxc4 25. Bxc4 Rxe1+ 26. Rxe1 Bb5 27. Bxb5 axb5 28. Re6 Qc1+ 29. Kh2 Qxa3 30. Rxd6 Rf7 31. Rd8 Qc1 32. d6 Rb7 33. g3 Qc4 34. Qc5 Qf7 35. Rc8 Rd7 36. Rc7 Kh6 37. Qa7 Rxc7 38. dxc7 Qc4 39. Qc5 Qf7 40. c8Q Kg7 41. Q8c7 Qxc7 42. Qxc7+ 1-0

[Event "IECC Trio 616 email"]
[Site "IECC email"]
[Date "1998.09.19"]
[Round "?"]
[White "Goossens, Jack"]
[Black "Eriksen, Tommy"]
[Result "1/2-1/2"]
[WhiteElo "1477"]
[BlackElo "1710"]
[PlyCount "49"]
[EventDate "1998.??.??"]
[EventType "tourn (corr)"]
[EventRounds "4"]
[SourceTitle "Corr 2008"]
[Source "ChessBase"]
[SourceDate "2008.06.24"]
[SourceVersion "1"]
[SourceVersionDate "2008.06.24"]
[SourceQuality "1"]

1. Nf3 c6 2. g3 d5 3. Bg2 Nf6 4. 0-0 e6 5. d3 Bd6 6. Nbd2 0-0 7. e4 Qc7 8. Re1 Nbd7 9. d4 dxe4 10. Nxe4 Nxe4 11. Rxe4 b6 12. Bf4 Bxf4 13. Rxf4 Bb7 14. Qd3 h6 15. Rd1 Rad8 16. Qe2 c5 17. Rh4 Nf6 18. c3 Rd6 19. dxc5 Rxd1+ 20. Qxd1 Rd8 21. Rd4 Rxd4 22. Nxd4 Bxg2 23. Kxg2 Qxc5 24. Qf3 Nd5 25. Qe2 1/2-1/2